|
|
|
|
| LEADER |
00000nam0a2200000 4500 |
| 001 |
169522 |
| 005 |
20231031163439.0 |
| 035 |
|
|
|a (RuTPU)RU\TPU\book\183882
|
| 090 |
|
|
|a 169522
|
| 100 |
|
|
|a 20091113d1961 km y0rusy50 ca
|
| 101 |
0 |
|
|a rus
|
| 102 |
|
|
|a RU
|
| 105 |
|
|
|a a z 001zy
|
| 200 |
1 |
|
|a Тяговые электрические аппараты
|f Н. М. Баталов, Б. П. Петров
|
| 210 |
|
|
|a Москва
|c Госэнергоиздат
|d 1961
|a Ленинград
|
| 215 |
|
|
|a 208 с.
|c ил.
|
| 320 |
|
|
|a Библиогр.: с. 207-208.
|
| 610 |
1 |
|
|a электрические аппараты
|
| 610 |
1 |
|
|a тяговые электрические аппараты
|
| 610 |
1 |
|
|a элементы
|
| 610 |
1 |
|
|a электрическая изоляция
|
| 610 |
1 |
|
|a приводы
|
| 610 |
1 |
|
|a конструкции
|
| 610 |
1 |
|
|a коммутационные аппараты
|
| 610 |
1 |
|
|a реле
|
| 610 |
1 |
|
|a автоматические регуляторы
|
| 610 |
1 |
|
|a предохранители
|
| 610 |
1 |
|
|a сопротивления
|
| 610 |
1 |
|
|a токосъемники
|
| 675 |
|
|
|a 621.33
|v 3
|
| 700 |
|
1 |
|a Баталов
|b Н. М.
|g Николай Михайлович
|
| 701 |
|
1 |
|a Петров
|b Б. П.
|g Борис Петрович
|
| 801 |
|
1 |
|a RU
|b 63413507
|c 20091113
|
| 801 |
|
2 |
|a RU
|b 63413507
|c 20220119
|g RCR
|
| 942 |
|
|
|c BK
|